Cuentos de la selva

Kaydedildi:
Detaylı Bibliyografya
Yazar: Quiroga, Horacio (Yazar)
Materyal Türü: Kitap
Dil:İspanyolca
Baskı/Yayın Bilgisi: Santiago Zig-Zag 1994
Edisyon:3a. ed
Seri Bilgileri:Biblioteca de Obras Escogidas Zig-Zag
Konular:
Etiketler: Etiketle
Etiket eklenmemiş, İlk siz ekleyin!

MARC

LEADER 00000nam a2200000 a 4500
001 UCI5407
003 CL-VaPUC
008 080328e19940000CL |||||||||||||||||spa|d
020 |a 9561208865 
082 0 4 |a Ur863  |b QUI  |2 21 
100 |a Quiroga, Horacio  |e author  |9 371721 
245 1 0 |a Cuentos de la selva 
250 |a 3a. ed 
300 |a 126 p 
942 |c BK 
945 |d 20080328 00:00:00  |a rbrito 
260 |a Santiago  |b Zig-Zag  |c 1994 
650 0 |a Cuentos uruguayos  |9 265136 
583 |a last modification  |c 20080328 00:00:00  |k Rodrigo Vera 
490 0 |a Biblioteca de Obras Escogidas Zig-Zag 
999 |c 329155  |d 329153 
952 |0 0  |1 0  |4 0  |6 UR_863_000000000000000_QUI_1994  |7 0  |8 A  |9 413505  |a BIBEDU  |b BIBEDU  |d 2019-11-22  |i 4418964  |o Ur863 QUI 1994  |p 4418964  |r 2019-11-22  |w 2019-11-22  |y BK  |k EPE